| 000 | 00595nam a2200217 a 4500 | ||
|---|---|---|---|
| 005 | 20240911064133.0 | ||
| 008 | 991125s1999 mx 000 0 spa u | ||
| 020 | _a9681658582 | ||
| 035 | _aUPN01000006663 | ||
| 049 | _aCG | ||
| 050 | 4 |
_aHB501 _bF8.38 |
|
| 100 | 1 | _aFurtado, Celso | |
| 245 | 1 | 3 |
_aEl capitalismo global / _cCelso Furtado ; tr. Jorge Eduardo Navarrete. |
| 260 |
_aMéxico : _bFCE, _c1999. |
||
| 300 | _a106 p. | ||
| 440 | 0 |
_aPopular ; _v559 |
|
| 650 | 4 |
_aCapitalismo _96436 |
|
| 650 | 4 |
_aCICLOS ECONOMICOS _99642 |
|
| 650 | 4 |
_aCOMPETENCIA INTERNACIONAL _99832 |
|
| 905 | _aLibro | ||
| 999 |
_c6663 _d6663 |
||